Security Model for Andriod Smartphone Dual Persona / (Record no. 608147)

000 -LEADER
fixed length control field 00651nam a22001457a 4500
040 ## - CATALOGING SOURCE
Transcribing agency MCS (NUST)
082 ## - DEWEY DECIMAL CLASSIFICATION NUMBER
Classification number 005.8,SID
100 ## - MAIN ENTRY--PERSONAL NAME
Personal name Siddiquie, Khushboo
9 (RLIN) 35379
245 ## - TITLE STATEMENT
Title Security Model for Andriod Smartphone Dual Persona /
Statement of responsibility, etc. Khushboo Siddiquie
260 ## - PUBLICATION, DISTRIBUTION, ETC.
Place of publication, distribution, etc. Rawalpindi
Name of publisher, distributor, etc. MCS (NUST)
Date of publication, distribution, etc. Dec 2017
300 ## - PHYSICAL DESCRIPTION
Extent xv, 111 p.,
505 ## - FORMATTED CONTENTS NOTE
Formatted contents note Introduction (Page-1), Literature Review (Page-7), Architecture Overview (Page-15), Vulnerabilities Threatening Dual Persona Support (Page-32), Comparative Analysis (Page-51), Experimentations & Results Page-77), Android Security Model (Page-91).
650 ## - SUBJECT ADDED ENTRY--TOPICAL TERM
Topical term or geographic name entry element PG Thesis
9 (RLIN) 35000
942 ## - ADDED ENTRY ELEMENTS (KOHA)
Source of classification or shelving scheme
Koha item type Thesis
Call number prefix 005.8,SID
Holdings
Withdrawn status Lost status Source of classification or shelving scheme Damaged status Not for loan Permanent Location Current Location Shelving location Date acquired Total Checkouts Full call number Barcode Date last seen Price effective from Koha item type Public note
          Military College of Signals (MCS) Military College of Signals (MCS) Thesis 02/26/2024   005.8,SID MCSTIS-405 02/26/2024 02/26/2024 Thesis Only Hard Copy Available
© 2023 Central Library, National University of Sciences and Technology. All Rights Reserved.